Catálogo - Centro de Recursos para el Aprendizaje y la Investigación

Volver al Sitio - CRAI Biblioteca

Secretos de Estado y Estado de Derecho : (Registro nro. 113907)

Detalles MARC
000 -CABECERA
campo de control de longitud fija 01283nam a2200289 4500
001 - NÚMERO DE CONTROL
campo de control 113907
003 - IDENTIFICADOR DEL NÚMERO DE CONTROL
campo de control DR-UNIBE
005 - FECHA Y HORA DE LA ÚLTIMA TRANSACCIÓN
campo de control 20250722104929.0
008 - DATOS DE LONGITUD FIJA--INFORMACIÓN GENERAL
campo de control de longitud fija 250722b2007 sp ||||| |||| 00| 0 spa d
020 ## - NÚMERO INTERNACIONAL ESTÁNDAR DEL LIBRO
Número Internacional Estándar del Libro 9788496758070
040 ## - FUENTE DE LA CATALOGACIÓN
Centro catalogador/agencia de origen BIBLIOTECA UNIBE
Lengua de catalogación spa
Centro/agencia transcriptor BIBLIOTECA UNIBE
Normas de descripción rda
041 ## - CÓDIGO DE LENGUA
Código de lengua del texto/banda sonora o título independiente spa
082 ## - NÚMERO DE LA CLASIFICACIÓN DECIMAL DEWEY
Número de edición 22
Número de clasificación 342.46 W45s
100 ## - ENTRADA PRINCIPAL--NOMBRE DE PERSONA
Nombre de persona Wilkinson Morera de la Vall, Helen
9 (RLIN) 197511
Término indicativo de función/relación autor
245 ## - MENCIÓN DE TÍTULO
Título Secretos de Estado y Estado de Derecho :
Resto del título régimen jurídico de los secretos oficiales en España /
Mención de responsabilidad, etc. Helen Wilkinson Morera de la Vall
250 ## - MENCIÓN DE EDICIÓN
Mención de edición Primera edición
260 ## - PUBLICACIÓN, DISTRIBUCIÓN, ETC.
Lugar de publicación, distribución, etc. Barcelona :
Nombre del editor, distribuidor, etc. Atelier Libros,
Fecha de publicación, distribución, etc. 2007
300 ## - DESCRIPCIÓN FÍSICA
Extensión 265 páginas :
Dimensiones 24 x 16 cm
490 ## - MENCIÓN DE SERIE
Mención de serie Atelier constitucional
500 ## - NOTA GENERAL
Nota general Datos sobre el autor y comentario de la obra en la contraportada
505 ## - NOTA DE CONTENIDO CON FORMATO
Nota de contenido con formato Prólogo |<br/>Parte primera. El secreto de Estado en un Estado de Derecho |<br/>Parte segunda. Régimen jurídico de los secretos oficiales |<br/>Conclusiones |<br/>Bibliografía
650 #7 - PUNTO DE ACCESO ADICIONAL DE MATERIA--TÉRMINO DE MATERIA
Fuente del encabezamiento o término lemb
Término de materia o nombre geográfico como elemento de entrada Secretos de estado
Subdivisión general Derecho
Subdivisión geográfica España
9 (RLIN) 197515
650 #7 - PUNTO DE ACCESO ADICIONAL DE MATERIA--TÉRMINO DE MATERIA
Fuente del encabezamiento o término lemb
Término de materia o nombre geográfico como elemento de entrada Comunicaciones confidenciales
Subdivisión general Derecho
Subdivisión cronológica España
9 (RLIN) 197516
651 #7 - PUNTO DE ACCESO ADICIONAL DE MATERIA--NOMBRE GEOGRÁFICO
Fuente del encabezamiento o término lemb
Nombre geográfico España
Subdivisión general Derecho constitucional
9 (RLIN) 197510
700 ## - PUNTO DE ACCESO ADICIONAL--NOMBRE DE PERSONA
Nombre de persona Carreras Serra, Frances de,
Fechas asociadas al nombre 1943-
9 (RLIN) 197512
Término indicativo de función/relación prologuista
942 ## - ELEMENTOS DE PUNTO DE ACCESO ADICIONAL (KOHA)
Fuente del sistema de clasificación o colocación Sistema de Clasificación Decimal Dewey
Tipo de ítem Koha Libro (general)
Existencias
Estado de retiro Estado de pérdida Fuente del sistema de clasificación o colocación No para préstamo Código de colección Localización permanente Fecha de adquisición Total de préstamos Signatura topográfica completa Código de barras Fecha visto por última vez Número de copia Precio válido a partir de Tipo de ítem Koha
  Disponible Sistema de Clasificación Decimal Dewey   General Biblioteca Central UNIBE 10/06/2025   342.46 W45s 250876 22/07/2025 Ej. 1 22/07/2025 Libro (general)